<?xml version="1.0" encoding="UTF-8"?>
<record
    xmlns:xsi="http://www.w3.org/2001/XMLSchema-instance"
    xsi:schemaLocation="http://www.loc.gov/MARC21/slim http://www.loc.gov/standards/marcxml/schema/MARC21slim.xsd"
    xmlns="http://www.loc.gov/MARC21/slim">

  <leader>03090cam a2200325   4500</leader>
  <controlfield tag="001">8250</controlfield>
  <controlfield tag="003">OCoLC</controlfield>
  <controlfield tag="005">20181127185454.0</controlfield>
  <controlfield tag="008">071017s2007    enka   f      000 0 eng d</controlfield>
  <datafield tag="020" ind1=" " ind2=" ">
    <subfield code="a">0781770521</subfield>
  </datafield>
  <datafield tag="020" ind1=" " ind2=" ">
    <subfield code="a">9780781770521</subfield>
  </datafield>
  <datafield tag="082" ind1="0" ind2="4">
    <subfield code="a">610.73072</subfield>
    <subfield code="2">22</subfield>
  </datafield>
  <datafield tag="100" ind1="1" ind2=" ">
    <subfield code="a">Polit, Denise F</subfield>
  </datafield>
  <datafield tag="245" ind1="1" ind2="0">
    <subfield code="a">Resource manual to accompany Nursing research :</subfield>
    <subfield code="b">generating and assessing evidence for nursing practice /</subfield>
    <subfield code="c">Denise F. Polit, Cheryl Tatano Beck</subfield>
  </datafield>
  <datafield tag="246" ind1="3" ind2=" ">
    <subfield code="a">Student resource CD-ROM for the resource manual to accompany nursing research ..</subfield>
  </datafield>
  <datafield tag="246" ind1="3" ind2="0">
    <subfield code="a"> Nursing research : generating and assessing evidence for nursing practice</subfield>
  </datafield>
  <datafield tag="250" ind1=" " ind2=" ">
    <subfield code="a">8th ed</subfield>
  </datafield>
  <datafield tag="260" ind1=" " ind2=" ">
    <subfield code="a">Philadelphia :</subfield>
    <subfield code="b">Wolters Kluwer, Lippincott Williams &amp; Wilkins,</subfield>
    <subfield code="c">2008</subfield>
  </datafield>
  <datafield tag="300" ind1=" " ind2=" ">
    <subfield code="a">vi, 383 p. :</subfield>
    <subfield code="b">ill. ;</subfield>
    <subfield code="c">23 cm. +</subfield>
    <subfield code="e">1 CD-Rom (4 3/4 in)</subfield>
  </datafield>
  <datafield tag="505" ind1="0" ind2=" ">
    <subfield code="a">Part 1: Foundations of Nursing Research and Evidence-Based Practice -- 1. Introduction to Nursing Research in an Evidence-Based Practice Environment -- 2. Translating Research Evidence into Nursing Practice: Evidence-Based Nursing -- 3. Generating Evidence: Key Concepts and Steps in Qualitative and Quantitative Research -- Part 2: Conceptualizing a Study to Generate Evidence for Nursing -- 4. Conceptualizing Research Problems, Research Questions, and Hypotheses -- 5. Finding and Critiquing Evidence: Research Literature Reviews -- 6. Developing a Theoretical or Conceptual Context -- 7. Generating Research Evidence Ethically -- Part 3: Designing a Study to Generate Evidence for Nursing -- 8. Planning a Nursing Study -- 9. Developing an Approach for a Qualitative Study -- 10. Designing Quantitative Studies -- 11. Enhancing Rigor in Quantitative Research -- 12. Undertaking Research for Specific Purposes -- 13. Developing a Sampling Plan</subfield>
  </datafield>
  <datafield tag="505" ind1="8" ind2=" ">
    <subfield code="a">Part 4: Collecting Research Data -- 14. Designing and Implementing a Data Collection Plan -- 15. Collecting Unstructured Data -- 16. Collecting Structured Data -- 17. Assessing Measurement Quality in Quantitative Studies -- 18. Developing and Testing Self-Report Scales -- Part 5: Analyzing and Interpreting Research Data -- 19. Analyzing Qualitative Data -- 20. Enhancing Quality and Integrity in Qualitative Research -- 21. Describing Data Through Statistics -- 22. Using Inferential Statistics to Test Hypotheses -- 23. Using Multivariate Statistics to Analyze Complex Relationships -- 24. Designing a Qualitative Analysis Strategy: From Data Collection to Interpretation -- Part 6: Building an Evidence Base for Nursing Practice -- 25. Integrating Research Evidence: Meta-Analysis and Metasynthesis -- 26. Disseminating Evidence: Reporting Research Findings -- 27. Writing Proposals to Generate Evidence</subfield>
  </datafield>
  <datafield tag="650" ind1=" " ind2="0">
    <subfield code="a">Nursing</subfield>
    <subfield code="x">Research</subfield>
  </datafield>
  <datafield tag="650" ind1=" " ind2="0">
    <subfield code="a">Nursing</subfield>
    <subfield code="x">Research</subfield>
    <subfield code="x">Methodology</subfield>
  </datafield>
  <datafield tag="650" ind1=" " ind2="0">
    <subfield code="a">Nursing</subfield>
    <subfield code="x">Research</subfield>
    <subfield code="x">Problems, exercises, etc</subfield>
  </datafield>
  <datafield tag="650" ind1=" " ind2="2">
    <subfield code="a">Nursing Research</subfield>
    <subfield code="v">problems</subfield>
  </datafield>
  <datafield tag="650" ind1=" " ind2="2">
    <subfield code="a">Nursing Research</subfield>
    <subfield code="x">methods</subfield>
  </datafield>
  <datafield tag="700" ind1="1" ind2=" ">
    <subfield code="a">Beck, Cheryl Tatano</subfield>
  </datafield>
  <datafield tag="740" ind1="0" ind2=" ">
    <subfield code="a">Study guide to accompany Nursing research: principles and methods</subfield>
  </datafield>
  <datafield tag="999" ind1=" " ind2=" ">
    <subfield code="c">7120</subfield>
    <subfield code="d">7120</subfield>
  </datafield>
  <datafield tag="952" ind1=" " ind2=" ">
    <subfield code="0">0</subfield>
    <subfield code="1">0</subfield>
    <subfield code="2">ddc</subfield>
    <subfield code="4">0</subfield>
    <subfield code="7">0</subfield>
    <subfield code="8">MAIN</subfield>
    <subfield code="a">RTCLIB</subfield>
    <subfield code="b">RTCLIB</subfield>
    <subfield code="c">MAIN</subfield>
    <subfield code="d">2022-07-27</subfield>
    <subfield code="h"> </subfield>
    <subfield code="i">12432</subfield>
    <subfield code="l">1</subfield>
    <subfield code="m">5</subfield>
    <subfield code="o">610.73 POL</subfield>
    <subfield code="p">30011759</subfield>
    <subfield code="r">2024-05-28 00:00:00</subfield>
    <subfield code="s">2022-07-27</subfield>
    <subfield code="w">2018-11-27</subfield>
    <subfield code="y">MAIN</subfield>
  </datafield>
</record>
